000 00445nam a2200145Ia 4500
008 231129s2012||||xx |||||||||||||| ||spa||
020 _a978-958-8325-92-7
040 _bspa
082 _a291.62 L579ch
100 _aLeón Romero Luis Eduardo
245 0 _aChamanismo ancestral indí­gena en el encuentro del sí­ mismo
260 _c2012
264 _aUniversidad Cooperativa de Colombia
942 _2ddc
_cBKS
999 _c6876
_d6876